000 00581nam a22002177a 4500
005 20251022121721.0
008 251022b |||||||| |||| 00| 0 eng d
020 _a9789390219667
040 _cILCL
041 _2eng
_aeng
084 _aX:8F(B28) R3
100 _aRichardson, Vernon J
_9849175
245 _aData Analytics for Accounting
250 _a2
260 _aChennai
_bMcGraw Hill
_c2023
300 _axxiii,513p.
700 _aTerrell, Katie L
_9849176
700 _aTeeter, Ryan A
_9849177
700 _aMohapatra, Partha Sarathi
_9849178
942 _2CC
_cTB
999 _c1464957
_d1464957